000 00177 a2200097 4500
020 _a9788880702221
041 _aspa
100 _aAnonimo
245 _aPocahontas
942 _cBK
999 _c13106
_d13106